Ley de Sociedades Comerciales. Comentada y anotada (Registro nro. 11222)

Detalles MARC
000 -LEADER
fixed length control field 00312 a2200109 4500
001 - CONTROL NUMBER
control field ART_5755
005 - DATE AND TIME OF LATEST TRANSACTION
control field 20260410161617.0
008 - FIXED-LENGTH DATA ELEMENTS--GENERAL INFORMATION
fixed length control field 260409a
100 1# - MAIN ENTRY--PERSONAL NAME
Personal name Roitman, Horacio
245 10 - TITLE STATEMENT
Title Ley de Sociedades Comerciales. Comentada y anotada
773 0# - HOST ITEM ENTRY
Title Enfoques
Related parts - Nº 2 (feb. 2007)
Record control number REV416

No hay ítems disponibles.